|
|
|
|
| LEADER |
03136nam a2200529 i 4500 |
| 001 |
mzk03001270903 |
| 003 |
CZ BrMZK |
| 005 |
20200427185805.0 |
| 007 |
ta |
| 008 |
200427s1699 fr ab fr|||||00| ||latod |
| 040 |
|
|
|a BOA001
|b cze
|e rda
|
| 072 |
|
7 |
|a 2-23/-27
|x Bible. Biblistika
|2 Konspekt
|9 5
|
| 072 |
|
7 |
|a 094
|x Staré tisky
|2 Konspekt
|9 12
|
| 080 |
|
|
|a 27-27
|2 MRF
|
| 080 |
|
|
|a 27-272
|2 MRF
|
| 080 |
|
|
|a 27-247
|2 MRF
|
| 080 |
|
|
|a 025.171
|2 MRF
|
| 080 |
|
|
|a (0.068)094
|2 MRF
|
| 100 |
1 |
|
|a Lamy, Bernard,
|d 1640-1715
|7 jn20000603646
|4 aut
|
| 245 |
1 |
0 |
|a APPARATUS CHRONOLOGICUS ET GEOGRAPHICUS : Ad Commentarium in Harmoniam sive Concordiam quatuor Evangelistarum. Praemittitur totius operis Praefatio cujus prima pars demonstrat veriatem Evangelii; altera quid sit Evangelium, a quibus, qua lingua, quo tempore, [et] qua de causa scriptum /
|c Auctore BERNARDO LAMY, Oratorii D.J. Presbytero
|
| 264 |
|
1 |
|a PARISIIS :
|b Excudebat JOANNES ANISSON, Typographiae Regiae Praefectus,
|c 1699
|
| 300 |
|
|
|a 2 nečíslované strany, lxiv, 326 stran, 30 nečíslovaných stran, 3 nečíslované přílohy ;
|c 4°
|
| 336 |
|
|
|a text
|b txt
|2 rdacontent
|
| 337 |
|
|
|a bez média
|b n
|2 rdamedia
|
| 338 |
|
|
|a svazek
|b nc
|2 rdacarrier
|
| 500 |
|
|
|a Výzdoba: Nad impresem tiskařský signet (ve florálním věnci obtočeném stuhou svázané akantové listy do tvaru lilie), iniciály, vlysy, viněty, typografické ozdubky, jednoduché a ozdobné linky, u strany 268 nečíslovanámědirytinová příloha (mapa Jedska) signovaná Berey sc., na straně 269 dřevořezová ilustrace signovaná le [Clero] jeune f., u strany 316 nečíslovaná mědirytinová příloha (mapa Jeruzaléma), signovaná f. Ertinger fecit., u strany326 mědirytinová příloha (mapa TEMPLI HIEROSOLIMITANI) signovaná Berey scripsit
|
| 500 |
|
|
|a Rozsah: [2], 326, [30] s., [3] příl.
|
| 501 |
|
|
|a Přívazek k: COMMENTARIUS IN HARMONIAM SIVE CONCORDIAM QUATUOR EVANGELISTARUM. Tomo altero continentur ad huncce Commentarium Apparatus Chronologicus [et] Geographicus; cum Praefatione in qua demonstratur veritas Evangelii / BERNARDO LAMY
|
| 650 |
|
7 |
|a biblistika
|7 ph118873
|2 czenas
|
| 650 |
|
7 |
|a biblické konkordance
|7 ph138435
|2 czenas
|
| 650 |
|
7 |
|a evangelia
|7 ph886569
|2 czenas
|
| 650 |
|
7 |
|a historické knihovní fondy
|7 ph172933
|2 czenas
|
| 655 |
|
7 |
|a staré tisky
|7 fd422076
|2 czenas
|
| 700 |
1 |
|
|a Leclerc, Sébastien,
|d 1637-1714
|7 ola2007364647
|4 egr
|
| 700 |
1 |
|
|a Berey, Claude-Auguste,
|d 1651-1732
|7 ola2012696974
|4 egr
|
| 700 |
1 |
|
|a Ertinger, Franz,
|d 1640-asi 1710
|7 ola2011640309
|4 egr
|
| 700 |
1 |
|
|a Ertinger, Franz,
|d 1640-asi 1710
|7 ola2011640309
|4 egr
|
| 700 |
1 |
|
|a De la Tour, Petrus Franciscus d
|4 lse
|
| 856 |
4 |
2 |
|u http://books.google.cz/books?vid=NKP:1002589830&printsec=frontcover
|y Digitalizovaný dokument
|z Exemplář z Národní knihovny ČR
|
| 903 |
|
|
|a RP
|
| 910 |
|
|
|a NAG950
|b B - I. F. 21,1,přív.
|
| 978 |
|
|
|b Anisson, Jean
|a Paris
|c 1699
|
| 984 |
|
|
|a Paříž
|b Francie
|
| 985 |
|
|
|a 1651-1700
|
| 990 |
|
|
|a BK
|
| 991 |
|
|
|k broumov
|
| 994 |
|
|
|a UP
|l MZK03
|b 001270901
|m přívazek
|n záznam 1. díla (pro objednání pokračujte kliknutím)
|